| 000 | 00377nam a2200145Ia 4500 | ||
|---|---|---|---|
| 008 | 150201s2011 xx 000 0 und d | ||
| 082 |
_a611 _bH11S |
||
| 100 | _aSINGH, INDERBIR | ||
| 245 | _aTB. OF HUMAN HITOLOGY : WITH COLOUR ATLAS AND PRACTICE GUIDE | ||
| 250 | _a6TH | ||
| 260 |
_bJAYPEE _aDELHI _c2011 |
||
| 300 | _a1-386 | ||
| 650 | _aHUMAN ANATOMY | ||
| 942 |
_2ddc _cBK _014 |
||
| 999 |
_c1585 _d1585 |
||